Buscador inteligente: guía práctica para gestionar información vital en sus proyectos de innovación (Registro nro. 6283)
[ vista simple ]
| 000 -CABECERA | |
|---|---|
| campo de control de longitud fija | 00539ata a2200193 4500 |
| 005 - FECHA Y HORA DE ACTUALIZACIÓN | |
| campo de control | 20170124084451.0 |
| 008 - LONGITUD FIJA | |
| campo de control de longitud fija | 150612b xxu||||| |||| 00| 0 spa d |
| 041 ## - IDIOMA | |
| Código de idioma del texto/pista de sonido o título separado | |
| 082 ## - CLASIFICACIÓN DECIMAL DEWEY | |
| Número de clasificación | 004.678 J61b |
| 100 ## - AUTOR PERSONAL | |
| Nombre de persona | Jiménez, Luis Alonso |
| 245 ## - TÍTULO PROPIAMENTE DICHO | |
| Título | Buscador inteligente: guía práctica para gestionar información vital en sus proyectos de innovación |
| 260 ## - PIE DE IMPRENTA | |
| Lugar de publicación, distribución, etc. | Costa Rica |
| 260 ## - PIE DE IMPRENTA | |
| Nombre del editor, distribuidor, etc. | EUCR |
| 300 ## - DESCRIPCIÓN FÍSICA | |
| Extensión | 44 páginas |
| 650 ## - Materia General | |
| Materia general | BUSCADORES |
| 650 ## - Materia General | |
| Materia general | INTERNET |
| 650 ## - Materia General | |
| Materia general | |
| 942 ## - Punto de Acceso Adicional Koha | |
| Tipo de ítem Koha | Libro |
No hay ítems disponibles.